| 000 | 00511nam a2200193 i 4500 | ||
|---|---|---|---|
| 001 | bgj | ||
| 245 | 0 | 0 |
_a6 [six] great modern short stories / _cDell Publishing. |
| 260 |
_aNew York : _bDell Publishing, _c1962. |
||
| 300 |
_a448 pp ; _c17 cm. |
||
| 490 | 1 | _aLaurel Edition | |
| 650 | 9 |
_aShort stories _xCollections of fiction |
|
| 655 | _aFiction | ||
| 710 | p | 0 | _aDell Publishing |
| 830 | _aLaurel Edition | ||
| 040 | _cBPK | ||
| 041 | 0 | _aeng | |
| 942 | _cKS | ||
| 008 | s uk f |000 0 eng | ||
| 999 |
_c48533 _d48533 |
||
| 856 |
_uhttp://koha.tu.koszalin.pl/cgi-bin/koha/opac-detail.pl?biblionumber=48533 _yKatalog online BPK |
||